000 00389nam a2200157Ia 4500
003 Ost
005 20260225132559.0
008 260225s9999||||xx |||||||||||||| ||und||
040 _cfsic
041 _afre
082 _a6.696
100 _aAgnés Batifoulier
_eAuteur
245 0 _aLa PAO :
245 0 _bpour bien choisir matériels et logiciels /
_cAgnés Batifoulier
942 _cكتاب
999 _c34657
_d34657